Đặng Thùy Trâm : Viết từ Cali và những cánh rừng ký ức ...
保存先:
| 第一著者: | |
|---|---|
| フォーマット: | 図書 |
| 言語: | Undetermined |
| 出版事項: |
Hà Nội
Phụ Nữ
2006
|
| 主題: | |
| タグ: |
タグ追加
タグなし, このレコードへの初めてのタグを付けませんか!
|
| Thư viện lưu trữ: | Trung tâm Học liệu Trường Đại học Cần Thơ |
|---|
| LEADER | 00587nam a2200205Ia 4500 | ||
|---|---|---|---|
| 001 | CTU_112594 | ||
| 008 | 210402s9999 xx 000 0 und d | ||
| 020 | |c 21000 | ||
| 082 | |a 895.922803 | ||
| 082 | |b Kh401 | ||
| 100 | |a Đặng, Ngọc Khoa | ||
| 245 | 0 | |a Đặng Thùy Trâm : | |
| 245 | 0 | |b Viết từ Cali và những cánh rừng ký ức ... | |
| 245 | 0 | |c Đặng Ngọc Khoa | |
| 260 | |a Hà Nội | ||
| 260 | |b Phụ Nữ | ||
| 260 | |c 2006 | ||
| 650 | |a Diaries | ||
| 904 | |i Hiếu | ||
| 980 | |a Trung tâm Học liệu Trường Đại học Cần Thơ | ||